Missing Vowels: US Sitcoms - Statistics

General Stats
  • This quiz has been taken 61 times
  • The average score is 24 of 30
Answer Stats
Hint Answer % Correct
Th Bg Bng Thry The Big Bang Theory
100%
Th Frsh Prnc f Bl-r The Fresh Prince of Bel-Air
98%
Frnds Friends
96%
Th Gldn Grls Golden Girls
96%
Hw Mt Yr Mthr How I Met Your Mother
96%
Scrbs Scrubs
96%
Th Gldbrgs The Goldbergs
96%
vrybdy Lvs Rymnd Everybody Loves Raymond
95%
Tw nd Hlf Mn Two and a Half Men
95%
Wll nd Grc Will and Grace
95%
Yng Shldn Young Sheldon
93%
Brklyn Nn-Nn Brooklyn Nine-Nine
91%
Th Kng f Qns The King of Queens
91%
Frsr Frasier
89%
Mlclm n th Mddl Malcolm in the Middle
89%
Mk nd Mlly Mike and Molly
89%
Bwtchd Bewitched
88%
3rd Rck Frm the Sn 3rd Rock From the Sun
84%
Chrs Cheers
81%
My Nm s rl My Name is Earl
81%
Snfld Seinfeld
81%
Lv Lcy I Love Lucy
77%
Mrk nd Mndy Mork and Mindy
68%
Mn Wth Pln Man With a Plan
67%
Tx Taxi
63%
WKRP n Cncnnt WKRP in Cincinnati
53%
Rhd Rhoda
46%
The Bvrly Hllblls The Beverley Hillbillies
44%
Mstr d Mister Ed
39%
Sp Soap
39%
No matching quizzes found
Score Distribution
Percent of People with Each Score
Percentile by Number Answered
Your Score History
You have not taken this quiz